00444nam a2200157Ia 4500008004100000020001800041082001200059100002500071245004700096250000900143260004400152300003100196500001900227600002000246650002000266240925s9999 xx 000 0 und d a9788126552344 a337 SAL aSalvatore, Dominick. 0aInternational Economics: Trade and finance a11th aNew Delhi:bJohn Wiley and Sonsc,2014. aVarious pagesb0fOriginal aIncludes Index aSocial Sciences aSocial Sciences